000
00208nam a22000857a 4500
999
_c
11461
_d
11461
008
190525b ||||| |||| 00| 0 eng d
100
_a
Riley Peter
_9
7180
245
_a
Magnetism
260
_a
Newyork
_b
Franklin Watts